000
00297nam a2200121Ia 4500
008
231120s2019 xx 000 0 und d
041
_a
eng
082
_a
751.42
100
_a
BARRINGTON BARBER
245
_a
THE ESSENTIAL GUIDE TO DRAWING
260
_a
ARCTURUS
_b
ARCTURUS
_c
2019
300
_a
P-127
999
_c
933352
_d
933352